| 000 | 00544cam a22001217a 4500 | ||
|---|---|---|---|
| 008 | 180718b1966 xxu||||| |||| 00| 0 eng d | ||
| 082 | _aA81x54 In2/61/Vol 1/Pt 5 B/1 | ||
| 100 | _aCensus of India 1961 | ||
| 245 | _aIndia: consolidated statement showing scheduled castes, scheduled tribes, denotified communities and other communities of similar status in different statuses and census starting from 1921 | ||
| 260 |
_aDelhi _bThe Manager of Publications _c1966 |
||
| 300 | _a601+p. | ||
| 440 | _aCensus of India 1961. Volume I, India. Part V-B (i) | ||
| 999 |
_c483989 _d483989 |
||